000 01594cam a2200133 4500500
005 20260405085458.0
041 _afre
042 _adc
100 1 0 _aGuillaume, Sylvie
_eauthor
245 0 0 _aLes rebelles de la politique : Posture ou sincérité?
260 _bArmand Colin,
_c2022.
520 _aNi révoltés, ni révolutionnaires, les rebelles de De Gaulle à Macron transgressent les normes du système politique sans pour autant vouloir sa destruction. La rébellion, paradoxalement constructive, devient le moteur de grandes réformes comme la légalisation de l’IVG ou l’abolition de la peine de mort. Enfants terribles dans leur famille politique tels Rocard, Séguin, Chevènement, Sarkozy, retardant toute adhésion à un parti tels Pompidou et Barre ou la refusant tels Badinter, Veil ou Macron, ils ont tous un tempérament frondeur qui ne dessert pas leur ambition de rénover le gouvernement. Héritiers de De Gaulle, ils ont « une certaine idée de la France », héritiers de Mendès France, ils savent que « gouverner, c’est choisir ».À la veille des élections présidentielles du printemps  2022, qui du président sortant, le « jupitérien » Emmanuel Macron, ayant fait exploser l’organisation des partis, ou de ses adversaires réuniront une France divisée –  entre le rural et l’urbain, entre les nantis diplômés et les Gilets jaunes  –, tout ceci sur un fond de crise sanitaire, économique et écologique ?
856 4 1 _uhttps://shs.cairn.info/les-rebelles-de-la-politique--9782200630607?lang=fr&redirect-ssocas=7080
999 _c2197915
_d2197915